Angielskie nazwy ryb - Statystyki

Ogólne statystyki
  • Ten quiz został rozwiązany 64 razy
  • Średni wynik to 9 z 24
Statystyki odpowiedzi
Polski Angielski % Poprawnych
Ryba Fish
100%
Rekin Shark
83%
Tuńczyk Tuna
80%
Łosoś Salmon
73%
Karp Carp
61%
Pirania Piranha
44%
Sardynka Sardine
44%
Węgorz Eel
42%
Rozdymka Pufferfish
42%
Śledź Herring
41%
Sum Catfish
34%
Halibut Halibut
29%
Dorsz Cod
25%
Szczupak Pike
22%
Jesiotr Sturgeon
20%
Pstrąg Trout
19%
Błazenek Clownfish
17%
Okoń Perch
17%
Flądra Flounder
15%
Makrela Mackerel
15%
Sandacz Zander
14%
Sardela Anchovy
5%
Miętus Burbot
5%
Ukleja Bleak
3%
Nie znaleziono quizów pasujących do podanych kryteriów
Rozkład punktacji
Procent ludzi z każdym wynikiem
Percentyl według liczby udzielonych odpowiedzi
Twoja historia wyników
Nie rozwiązałeś tego quizu